<?xml version="1.0" encoding="UTF-8"?>
<record
    xmlns:xsi="http://www.w3.org/2001/XMLSchema-instance"
    xsi:schemaLocation="http://www.loc.gov/MARC21/slim http://www.loc.gov/standards/marcxml/schema/MARC21slim.xsd"
    xmlns="http://www.loc.gov/MARC21/slim">

  <leader>01613cam a2200289 a 4500</leader>
  <controlfield tag="001">000015864</controlfield>
  <controlfield tag="005">20200929164200.0</controlfield>
  <controlfield tag="008">050112s2004    mx       b    100 0 spa d</controlfield>
  <datafield tag="040" ind1=" " ind2=" ">
    <subfield code="a">DO-SdBNP</subfield>
    <subfield code="b">spa</subfield>
    <subfield code="d">BNPHU</subfield>
  </datafield>
  <datafield tag="111" ind1="2" ind2=" ">
    <subfield code="a">IFLA Meeting of Experts on an International Cataloguing Code</subfield>
    <subfield code="n">(2nd :</subfield>
    <subfield code="d">2004 :</subfield>
    <subfield code="c">Buenos Aires, Argentina)</subfield>
    <subfield code="9">35712</subfield>
  </datafield>
  <datafield tag="245" ind1="1" ind2="0">
    <subfield code="a">2a Reuni&#xF3;n IFLA de Expertos sobre un C&#xF3;digo Internacional de Catalogaci&#xF3;n :</subfield>
    <subfield code="b">antecedentes y documentos /</subfield>
    <subfield code="c">Ageo Garc&#xCD;a B., editor ; pr&#xF3;logo Barbara B. Tillett.</subfield>
  </datafield>
  <datafield tag="246" ind1="3" ind2=" ">
    <subfield code="a">Segunda Reuni&#xF3;n IFLA de Expertos sobre un C&#xF3;digo Internacional de Catalogaci&#xF3;n</subfield>
  </datafield>
  <datafield tag="260" ind1=" " ind2=" ">
    <subfield code="a">M&#xE9;xico :</subfield>
    <subfield code="b">Consejo Consultivo Latinoamericano para la Cooperaci&#xF3;n en Catalogaci&#xF3;n :</subfield>
    <subfield code="b">Universidad Aut&#xF3;noma de San Luis Potosi,</subfield>
    <subfield code="c">2004.</subfield>
  </datafield>
  <datafield tag="300" ind1=" " ind2=" ">
    <subfield code="a">142 p. ;</subfield>
    <subfield code="c">28 cm.</subfield>
  </datafield>
  <datafield tag="440" ind1=" " ind2="0">
    <subfield code="a">Serie Catalographica ;</subfield>
    <subfield code="v">1</subfield>
    <subfield code="9">35713</subfield>
  </datafield>
  <datafield tag="500" ind1=" " ind2=" ">
    <subfield code="a">At head of title: "IME ICC2."</subfield>
  </datafield>
  <datafield tag="500" ind1=" " ind2=" ">
    <subfield code="a">Incluye glosario (p. 139-142)</subfield>
  </datafield>
  <datafield tag="500" ind1=" " ind2=" ">
    <subfield code="a">Incluye notas al pie de las p&#xE1;ginas.</subfield>
  </datafield>
  <datafield tag="504" ind1=" " ind2=" ">
    <subfield code="a">Contiene referencias bibliogr&#xE1;ficas.</subfield>
  </datafield>
  <datafield tag="611" ind1="2" ind2="0">
    <subfield code="a">International Conference on Cataloguing Principles</subfield>
    <subfield code="d">(1961 :</subfield>
    <subfield code="c">Paris, France).</subfield>
    <subfield code="t">Statement of Principles.</subfield>
    <subfield code="9">35714</subfield>
  </datafield>
  <datafield tag="611" ind1="2" ind2="0">
    <subfield code="a">IFLA Meeting of Experts on an International Cataloguing Code</subfield>
    <subfield code="n">(1st :</subfield>
    <subfield code="d">2003 :</subfield>
    <subfield code="c">Frankfurt am Main, Germany)</subfield>
    <subfield code="9">35715</subfield>
  </datafield>
  <datafield tag="650" ind1=" " ind2="0">
    <subfield code="a">Cataloging</subfield>
    <subfield code="x">Standards</subfield>
    <subfield code="v">Congresses.</subfield>
    <subfield code="9">35716</subfield>
  </datafield>
  <datafield tag="700" ind1="1" ind2=" ">
    <subfield code="a">Garcia B., Ageo</subfield>
    <subfield code="q">(Garc&#xED;a Barbabosa)</subfield>
    <subfield code="9">35717</subfield>
  </datafield>
  <datafield tag="710" ind1="2" ind2=" ">
    <subfield code="a">International Federation of Library Associations and Institutions.</subfield>
    <subfield code="9">35718</subfield>
  </datafield>
  <datafield tag="710" ind1="2" ind2=" ">
    <subfield code="a">Consejo Consultivo Latinoamericano para la Cooperacion en Catalogacion.</subfield>
    <subfield code="9">35719</subfield>
  </datafield>
  <datafield tag="049" ind1=" " ind2=" ">
    <subfield code="a">BNGR</subfield>
  </datafield>
  <datafield tag="952" ind1=" " ind2=" ">
    <subfield code="0">0</subfield>
    <subfield code="1">0</subfield>
    <subfield code="5">2</subfield>
    <subfield code="7">0</subfield>
    <subfield code="8">MO</subfield>
    <subfield code="a">GR</subfield>
    <subfield code="b">GR</subfield>
    <subfield code="c">CT</subfield>
    <subfield code="d">2010-02-19</subfield>
    <subfield code="i">LF1</subfield>
    <subfield code="l">0</subfield>
    <subfield code="o"> </subfield>
    <subfield code="p">15864-10</subfield>
    <subfield code="r">2020-06-25</subfield>
    <subfield code="w">2020-06-25</subfield>
    <subfield code="y">2</subfield>
    <subfield code="Z">Pr&#xE9;stamo interno</subfield>
  </datafield>
  <datafield tag="999" ind1=" " ind2=" ">
    <subfield code="c">15406</subfield>
    <subfield code="d">15406</subfield>
  </datafield>
</record>
